000 00621nam a2200241Ia 4500
003 OSt
005 20220918221730.0
006 a|||||r|||| 00| 0
007 ta
008 220917b |||||||| |||| 00| 0 eng d
024 _a202,587
037 _cTextual
040 _aARTS
_cARTS
_beng
041 _2eng
_aeng
082 _aS:7, P1
100 _aBuss Arnold
_9141288
245 0 _aPsychological dimensions of the self
260 _aNew Delh
_bSaga publications
_c2001
300 _aix, 333 p
_ccm.
650 _aPSYCHOLOGY
942 _hS:7, P1
_cTEXL
_2CC
999 _c273456
_d273456